Statistics for Cartoon Character Quiz # 5

Click here to take the quiz!

General Stats

  • This quiz has been taken 7 times
  • The average score is 5 of 18

Answer Stats

Answer% Correct
Deadpool
100%
Flash
100%
Doctor Strange
67%
Hulk, Super Man, Spider Man
50%
Nami
50%
Sanji
33%
Wonder Woman
33%
Eevee
17%
Flareon
17%
Minion Hulk
17%
Tony Tony Chopper
17%
Baikinman
0%
Bandai
0%
Disney Boo(Monster Version)
0%
Lazy Smurf
0%
Mimikyu
0%
Panda-Z
0%
Rowlet
0%

Score Distribution

Percentile by Number Answered

Percent of People with Each Score

Your Score History

You have not taken this quiz